Normal view MARC view
  • United Kingdom

Entry Corporate Name

Number of records used in: 18

001 - CONTROL NUMBER

  • control field: 5477

003 - CONTROL NUMBER IDENTIFIER

  • control field: SIRSI

005 - DATE AND TIME OF LATEST TRANSACTION

  • control field: 20190806150243.0

008 - FIXED-LENGTH DATA ELEMENTS

  • fixed length control field: 071203n| acannaabn |n ana d

040 ## - CATALOGING SOURCE

  • Original cataloging agency: OSt
  • Transcribing agency: OSt

110 1# - HEADING--CORPORATE NAME

  • Corporate name or jurisdiction name as entry element: United Kingdom
  • Subordinate unit: Ministry of Justice

670 ## - SOURCE DATA FOUND

  • Source citation: Transforming tribunals, 2007